The flower garden / (Record no. 74967)
[ view plain ]
| 000 -LEADER | |
|---|---|
| fixed length control field | 00888cam a22003011i 4500 |
| 001 - CONTROL NUMBER | |
| control field | 74967 |
| 003 - CONTROL NUMBER IDENTIFIER | |
| rucl marc code | BD-RjUL |
| 005 - DATE AND TIME OF LATEST TRANSACTION | |
| control field | 20211209082628.0 |
| 008 - FIXED-LENGTH DATA ELEMENTS--GENERAL INFORMATION | |
| fixed length control field | 771222s1952 enka 000 0 eng |
| 035 ## - SYSTEM CONTROL NUMBER | |
| System control number | (BD-RjUL)75185 |
| System control number | (OCoLC)3510046 |
| 040 ## - CATALOGING SOURCE | |
| Original cataloging agency | DLC |
| Transcribing agency | PBlbM |
| Modifying agency | Uk |
| -- | DLC |
| Language of cataloging | eng |
| 041 ## - LANGUAGE CODE | |
| Language code of text/sound track or separate title | eng |
| 042 ## - AUTHENTICATION CODE | |
| Authentication code | premarc |
| 082 ## - DEWEY DECIMAL CLASSIFICATION NUMBER | |
| Edition number | 23 |
| Classification number | 635.9 |
| Author mark and year | JAF 1952 |
| 100 1# - MAIN ENTRY--PERSONAL NAME | |
| Personal name | Janes, E. R. |
| Fuller form of name | (Edwin Ridgeway) |
| 9 (RLIN) | 188619 |
| 245 14 - TITLE STATEMENT | |
| Title | The flower garden / |
| Statement of responsibility, etc. | by E.R. Janes ; with many illus. by Arthur H. Hall. |
| 260 ## - PUBLICATION, DISTRIBUTION, ETC. (IMPRINT) | |
| Place of publication, distribution, etc. | Harmondsworth, Middlesex : |
| Name of publisher, distributor, etc. | Penguin Books, |
| Date of publication, distribution, etc. | 1952. |
| 300 ## - PHYSICAL DESCRIPTION | |
| Pagination | 420 p. : |
| Illustrations | ill. ; |
| Size | 18 cm. |
| 490 0# - SERIES STATEMENT | |
| Series statement | Penguin handbooks, PH 19. |
| 650 #0 - SUBJECT ADDED ENTRY--TOPICAL TERM | |
| Topical term or geographic name as entry element | Floriculture. |
| 9 (RLIN) | 226516 |
| Topical term or geographic name as entry element | Gardening. |
| 9 (RLIN) | 226517 |
| 906 ## - LOCAL DATA ELEMENT F, LDF (RLIN) | |
| a | 7 |
| b | cbc |
| c | oclcrpl |
| d | u |
| e | ncip |
| f | 19 |
| g | y-gencatlg |
| 942 ## - ADDED ENTRY ELEMENTS (KOHA) | |
| Source of classification or shelving scheme | Dewey Decimal Classification |
| Koha item type | Books |
| Lost status | Source of classification or shelving scheme | Damaged status | Not for loan | Collection code | Permanent Location | Current Location | Shelving location | Date acquired | Total Checkouts | Full call number | Date last seen | Copy number | Koha item type |
|---|---|---|---|---|---|---|---|---|---|---|---|---|---|
| Dewey Decimal Classification | Not For Loan | Non-fiction | Central Library, University of Rajshahi | Central Library, University of Rajshahi | Reading Room | 03/01/2019 | 635.9 JAF 1952 | 03/01/2019 | C-1 | Books |